000 00294nam a2200121Ia 4500
008 160114s9999 xx 000 0 und d
020 _a0-439327660
050 _aFic
050 _b.D121s 2001
245 _aSchool's In! /
260 _aNew York :
_bScholastic Inc.
_c2001
300 _a63 pages;
999 _c290379
_d290379